000 00725nam a22002297a 4500
003 UA-OsUOA
001 91359
007 ta
008 20121127b un ||||| |||| 00| 0 ukr d
100 _aСтельмах М.
090 _a821.161.2
_bС79
942 _cBK
040 _aUA-OsUOA
_brus
_cUA-OsUOA
_dUA-OsUOA
245 _aСобрание сочинений в пяти томах
_b2
_cКровь людская - не водица. Большая родня
300 _a590 с.
955 _a3
041 _arus
080 _a821.161.2
260 _aМ.
_bХудожественная литература
_c1984
650 7 _a82 Література. Літературознавство
_2UDC
999 _c377619
_d377619